Statistics for Guess the rapper by the song #7

Click here to take the quiz!

General Stats

  • This quiz has been taken 23 times
  • The average score is 11 of 15

Answer Stats

SongRapper% Correct
Rap GodEminem
100%
Old Town Road (feat. Billy Ray Cyrus)Lil Nas X
100%
PandaDesiigner
95%
SICKO MODE (feat. Drake)Travis Scott
90%
Black and YellowWiz Khalifa
90%
Bodak YellowCardi B
86%
Look At Me!XXXTENTACION
86%
No Role ModelzJ. Cole
81%
Started From The BottomDrake
76%
Money LongerLil Uzi Vert
67%
Trap QueenFetty Wap
62%
MagnoliaPlayboi Carti
62%
Catch Me OutsideSki Mask The Slump God
52%
Rack CityTyga
52%
VersaceMigos
43%

Score Distribution

Percentile by Number Answered

Percent of People with Each Score

Your Score History

You have not taken this quiz